Osoby zmarłe w 2018 - Statystyki

Ogólne statystyki
  • Ten quiz został rozwiązany 180 razy
  • Średni wynik to 3 z 10
Statystyki odpowiedzi
Data śmierci Opis Osoba % Poprawnych
14 marca Fizyk porozumiewający się za pomocą syntezatora,badacz grawitacji i czarnych dziur Stephen Hawking
76%
20 kwietnia Szwedzki DJ, wydał w 2011 piosenkę pt. Levels Avicii
66%
30 listopada W momencie rozpadu ZSRR był prezydentem USA George H.W. Bush
55%
29 czerwca Polska lekkoatletka, trzykrotna złota medalistkaw sztafecie 4x100, biegu na 200 i na 400 metrów Irena Szewińska
43%
12 listopada Prezes Marvela, który był współtwórcą wielu postaci uniwersum komiksowego Stan Lee
41%
12 czerwca Polski wokalista i gitarzysta, założyciel zespołu Bajm, ma siostrę o imieniu Beata Jarosław Kozidrak
37%
29 lipca Trębacz jazzowy z Rzeszowa, kompozytor muzyki do filmu Cisza z 2001 roku Tomasz Stańko
11%
26 listopada Animator, twórca SpongeBoba Kanciastoportego Stephen Hillenburg
8%
21 sierpnia Aktor grający Robbiego Zgniłka w serialu Leniuchowo Stefán Karl Stefánsson
6%
14 listopada Polska piosenkarka związana z Gdańskiem,wydała m.in. singiel Nocą w Belgradzie Regina Bielska
1%
Nie znaleziono quizów pasujących do podanych kryteriów
Rozkład punktacji
Procent ludzi z każdym wynikiem
Percentyl według liczby udzielonych odpowiedzi
Twoja historia wyników
Nie rozwiązałeś tego quizu